Random questions - Statistics

General Stats
  • This quiz has been taken 16 times
    4 since last reset
  • The average score is 9 of 19
Answer Stats
Hint Answer % Correct
Who is the richest person in the world right now Elon musk
100%
What type of leaf is on the Canadian flag Maple
100%
What’s The only country that starts with a q Qatar
100%
Most watched YouTube video Baby shark
75%
The creeper was created when the Minecraft creator was trying to make which other mobs model Pig
75%
Another name for table tennis Ping pong
75%
Planet that was made into a dwarf planet Pluto
75%
First five numbers of pi 31415
50%
What is Only country in Asia that starts with E East Timor
50%
The snowman from frozen Olaf
50%
The famous Wendy’s dessert Frosty
25%
Biggest YouTuber Mrbeast
25%
What is the smallest country in africa Seychelles
25%
What’s Most famous Netflix show Squid games
25%
Which Pokemon was supposed to be the main Pokemon before Pikachu Clefairy
0%
Scarlet Johansen is married to which Saturday night live star Colin jost
0%
Which famous Netflix Wednesday tv show star was in Sabrina carpenters taste music video Jenna Ortega
0%
The other double landlocked country besides Uzbekistan Liechtenstein
0%
NHL team with the most Stanley cups Montreal canadiens
0%
No matching quizzes found
Score Distribution
Percent of People with Each Score
Percentile by Number Answered
Your Score History
You have not taken this quiz since the last reset